| 000 | 00812nam a22002297a 4500 | ||
|---|---|---|---|
| 999 |
_c16405 _d16405 |
||
| 003 | AR-CdUCM | ||
| 008 | 190503b ||||| |||| 00| 0 spa d | ||
| 040 |
_aMUNICIPALIDAD PROVINCIAL DEL CUSCO _cBIBLIOTECA MUNICIPAL DEL CUSCO |
||
| 082 |
_22ed. _a917 / _bT18 |
||
| 100 |
_aTamayo, Jorge L. _935833 |
||
| 245 | _aGeografía de América / | ||
| 260 |
_aMexico : _bFCE, _c1959. |
||
| 300 |
_a417 páginas ; _c18 cm. |
||
| 440 |
_aBreviarios del Fondo de Cultura económica _n66 _935834 |
||
| 505 | _aDescubrimiento y exploración -- División convencional de América y caracteristicas generales -- Estructura y morfología -- La flora y la fauna... | ||
| 650 |
_aGeografía. _9318 |
||
| 650 |
_aAmérica. _91348 |
||
| 650 |
_aFlora. _920658 |
||
| 650 |
_aFauna. _925064 |
||
| 942 |
_2ddc _cLIBROS |
||
| 945 | _awfj | ||